<?xml version="1.0" encoding="UTF-8"?>
<marc:record xmlns:marc="http://www.loc.gov/MARC21/slim">
   <marc:leader>00000nam a2200000 a 4500</marc:leader>
   <marc:datafield ind1="0" ind2="0" tag="245">
      <marc:subfield code="a">Die Verlegerin</marc:subfield>
   </marc:datafield>
   <marc:datafield ind1=" " ind2="1" tag="264">
      <marc:subfield code="a">Hamburg</marc:subfield>
      <marc:subfield code="b">Universal Pictures Germany GmbH</marc:subfield>
      <marc:subfield code="c">2018</marc:subfield>
   </marc:datafield>
   <marc:datafield ind1="1" ind2=" " tag="520">
      <marc:subfield code="a">Katharine "Kay" Graham ist die Verlegerin der renommierten Zeitung "The Washington Post". Als ihr Redakteur, der hart gesottene Ben Bradlee, über einen gigantischen Vertuschungsskandal im Weißen Haus berichten will, steht Kay vor einer gewagten Entscheidung, die sie nicht nur ihre Karriere, sondern auch ihre Freiheit kosten könnte. Ihr mächtigster Gegner ist dabei die US-Regierung.</marc:subfield>
   </marc:datafield>
   <marc:datafield ind1="3" ind2=" " tag="024">
      <marc:subfield code="a">5053083148591</marc:subfield>
   </marc:datafield>
   <marc:datafield ind1="0" ind2=" " tag="490">
      <marc:subfield code="v">0</marc:subfield>
   </marc:datafield>
   <marc:datafield ind1=" " ind2=" " tag="300">
      <marc:subfield code="a">1 DVD-Video (circa 111 min) : farbig, PAL, Region 2</marc:subfield>
   </marc:datafield>
</marc:record>
